000 01181cam a2200313 i 4500
999 _c30171
_d30171
001 20842899
003 PACU
005 20190527110349.0
008 190207s2018 ke a b 000 0 eng
020 _z9966058775 (invalid)
040 _aDLC
_beng
_ePACU
_cPACU
042 _alcode
_apcc
043 _af-ke---
050 0 0 _aHD 9257 .K42
_bO95 2018
100 1 _aOwino, Boniface,
_eauthor.
245 1 0 _aEffects of trade facilitation on Kenya's exports to the European Union :
_bcase of fruits and vegetables /
_cBoniface Owino.
260 _aNairobi, Kenya :
_bKenya Institute for Public Policy Research and Analysis,
_c2018.
300 _av, 36 pages :
_bcolor illustrations ;
_c25 cm.
490 0 _aKIPPRA discussion paper ;
_vno. 193
504 _aIncludes bibliographical references (pages 31-35).
650 0 _aFruit trade
_zKenya.
650 0 _aExports
_zKenya
_bEuropean Union
650 0 _aTrade
_zKenya
_bEuropean Union
650 0 _aExports
_zKenya
_bProduce
650 0 _aVegetable trade
_zKenya.
650 0 _aExports
_zKenya
_bFruiys and Vegetables
700 _4Owino, Boniface.,
_aauthor.
942 _2lcc
_cSPEC
_hHD 9257 .K42
_iO95 2018
_kSPEC